| 000 | 00887cam a2200265 a 4500 | ||
|---|---|---|---|
| 001 | 10289 | ||
| 003 | BD-RjUL | ||
| 005 | 20211208234929.0 | ||
| 008 | 140123s1985 nyuaf b 001 0 eng | ||
| 020 | _a0070327602 | ||
| 035 | _a(BD-RjUL)10337 | ||
| 040 |
_aDLC _cDLC _dDLC _dBD-RjUL _beng |
||
| 041 | _aeng | ||
| 082 | 0 | 0 |
_a546 _219 _bJOM 1989 |
| 100 | 1 |
_aJolly, William L. _931381 |
|
| 245 | 1 | 0 |
_aModern inorganic chemistry / _cWilliam L. Jolly. |
| 260 |
_aNew York : _bMcGraw-Hill, _cc1985 [Reprint 1989]. |
||
| 300 |
_axiv, 610 p., [2] leaves of plates : _bill. ; _c24 cm. |
||
| 500 | _aRev. ed. of: The principles of inorganic chemistry. 1976. | ||
| 504 | _aIncludes bibliographical references and indexes. | ||
| 650 | 0 |
_aChemistry, Inorganic. _931785 |
|
| 700 | 1 |
_aJolly, William L. _tPrinciples of inorganic chemistry. _931786 |
|
| 942 |
_2ddc _cBK |
||
| 999 |
_c10289 _d10289 |
||